[Event "World-chT Rapid"]
[Site "Dusseldorf"]
[Date "2023.08.28"]
[Round "11"]
[White "Pak, Alexander"]
[Black "Short, Nigel D"]
[Result "0-1"]
[WhiteElo "2170"]
[BlackElo "2592"]
[PlyCount "128"]
[EventDate "2023.08.26"]
[EventType "team-swiss (rapid)"]
[EventRounds "12"]
[EventCountry "GER"]
[SourceTitle "CBM 215 Extra"]
[Source "ChessBase"]
[SourceDate "2023.09.30"]
[SourceVersion "1"]
[SourceVersionDate "2023.09.30"]
[SourceQuality "1"]
[WhiteTeam "Lausanne Ecole Polytechnique"]
[BlackTeam "FIDE Management Board"]
[WhiteTeamCountry "SUI"]

1. b3 Nf6 2. Bb2 g6 3. Nf3 Bg7 4. g3 b6 5. Bg2 Bb7 6. 0-0 c5 7. c4 d6 8. d4 cxd4 9. Nxd4 Bxg2 10. Kxg2 h5 11. Nf3 Nbd7 12. Nc3 a6 13. Re1 0-0 14. e4 Re8 15. Qc2 Qb8 16. a4 Qb7 17. Rad1 Rac8 18. Qb1 Nc5 19. Ba1 Ng4 20. h3 Ne5 21. Nxe5 dxe5 22. Kg1 Ne6 23. Nd5 b5 24. axb5 axb5 25. Qd3 bxc4 26. bxc4 Nc5 27. Qe3 e6 28. Nc3 Qb3 29. Nb5 Rc6 30. Qxb3 Nxb3 31. Bb2 Ra8 32. Rd3 Nc5 33. Rd6 Rxd6 34. Nxd6 Ra2 35. Bc1 Bf8 36. Nb5 Nd3 37. Rf1 Nxf2 38. Be3 Nxe4 39. Rc1 Bc5 40. Bxc5 Nxc5 41. Rf1 e4 42. Rf2 Rxf2 43. Kxf2 f5 44. Ke3 e5 45. Nc7 h4 46. gxh4 f4+ 47. Ke2 Kf7 48. Nd5 Nb3 49. Nc3 Nc5 50. Nd5 Ke6 51. Nc3 Kf5 52. Nd5 Nb3 53. Ne7+ Kf6 54. Nd5+ Ke6 55. Nc3 Kf5 56. Na4 Nd4+ 57. Ke1 e3 58. c5 f3 59. Nc3 e4 60. c6 Nxc6 61. Nd5 e2 62. h5 gxh5 63. h4 Ke5 64. Ne3 Nb4 0-1

[Event "World-chT Rapid"]
[Site "Dusseldorf"]
[Date "2023.08.26"]
[Round "3.16"]
[White "Kuhne, Detlev"]
[Black "Pak, Alexander"]
[Result "0-1"]
[WhiteElo "2050"]
[BlackElo "2170"]
[PlyCount "58"]
[EventDate "2023.08.26"]
[EventType "team-swiss (rapid)"]
[EventRounds "12"]
[EventCountry "GER"]
[SourceTitle "CBM 215 Extra"]
[Source "ChessBase"]
[SourceDate "2023.09.30"]
[SourceVersion "1"]
[SourceVersionDate "2023.09.30"]
[SourceQuality "1"]
[WhiteTeam "Magdeburg and Friends"]
[BlackTeam "Lausanne Ecole Polytechnique"]
[WhiteTeamCountry "GER"]
[BlackTeamCountry "SUI"]

1. Nf3 c5 2. c3 d5 3. d4 Nf6 4. Bf4 Nc6 5. e3 Bg4 6. Be2 e6 7. 0-0 Bd6 8. Bxd6 Qxd6 9. Nbd2 0-0 10. h3 Bh5 11. Re1 Rfe8 12. a4 h6 13. Qb3 Rab8 14. Qa3 Nd7 15. a5 Bg6 16. Nb3 b6 17. axb6 axb6 18. Bb5 e5 19. dxe5 Ndxe5 20. Nxe5 Rxe5 21. Bxc6 Qxc6 22. Qa6 Rbe8 23. Rec1 Rg5 24. Qa4 Qe6 25. Qf4 Be4 26. g4 f5 27. f3 fxg4 28. fxe4 Rf8 29. exd5 Qxd5 0-1

[Event "RUS-chT U18"]
[Site "St Petersburg"]
[Date "2015.08.06"]
[Round "6.41"]
[White "Bekhovskiy, Mikhail"]
[Black "Pak, Alexander"]
[Result "1/2-1/2"]
[WhiteElo "2286"]
[BlackElo "2196"]
[PlyCount "93"]
[EventDate "2015.08.01"]
[EventType "team-swiss"]
[EventRounds "9"]
[EventCountry "RUS"]
[SourceTitle "CBM 167 Extra"]
[Source "ChessBase"]
[SourceDate "2015.09.14"]
[SourceVersion "1"]
[SourceVersionDate "2015.09.14"]
[SourceQuality "1"]
[WhiteTeam "Vasileostrovsky District"]
[BlackTeam "Moscow Palace Youth II"]
[WhiteTeamCountry "RUS"]
[BlackTeamCountry "RUS"]

1. e4 c5 2. c3 d5 3. exd5 Qxd5 4. d4 Nf6 5. Nf3 Bg4 6. Be2 e6 7. h3 Bh5 8. 0-0 Nc6 9. Be3 cxd4 10. cxd4 Be7 11. Nc3 Qd6 12. Qb3 0-0 13. Rfd1 Nb4 14. g4 Bg6 15. Rac1 Nbd5 16. Ne5 Nxe3 17. fxe3 Nd5 18. Nxd5 exd5 19. Bf3 Bg5 20. Rc3 Be4 21. Bxe4 dxe4 22. Rf1 Bf6 23. Qb5 Rae8 24. Rc5 a6 25. Qxb7 Bxe5 26. Rxe5 Rxe5 27. dxe5 Qxe5 28. Rf4 Qc5 29. Qxe4 Qc1+ 30. Kg2 Qxb2+ 31. Rf2 Qb6 32. a4 h6 33. h4 Rb8 34. g5 hxg5 35. hxg5 Qb7 36. Qxb7 Rxb7 37. Rf5 Kh7 38. Rc5 Rb6 39. a5 Rd6 40. Kg3 Kg6 41. Kf4 f6 42. e4 Re6 43. gxf6 gxf6 44. Ke3 Kf7 45. Kd4 Rd6+ 46. Rd5 Ke7 47. Kc5 1/2-1/2

[Event "RUS-chT U18"]
[Site "St Petersburg"]
[Date "2015.08.03"]
[Round "3.49"]
[White "Pak, Alexander"]
[Black "Sinyanskiy, Maxim"]
[Result "1-0"]
[WhiteElo "2196"]
[BlackElo "2102"]
[PlyCount "127"]
[EventDate "2015.08.01"]
[EventType "team-swiss"]
[EventRounds "9"]
[EventCountry "RUS"]
[SourceTitle "CBM 167 Extra"]
[Source "ChessBase"]
[SourceDate "2015.09.14"]
[SourceVersion "1"]
[SourceVersionDate "2015.09.14"]
[SourceQuality "1"]
[WhiteTeam "Moscow Palace Youth II"]
[BlackTeam "SPbRDOO Peter Rook II"]
[WhiteTeamCountry "RUS"]
[BlackTeamCountry "RUS"]

1. d4 Nf6 2. Nc3 c5 3. d5 e6 4. e4 d6 5. Nf3 e5 6. Be2 Be7 7. 0-0 0-0 8. Nd2 Nbd7 9. a4 Ne8 10. Nc4 Nb6 11. Ne3 g6 12. a5 Nd7 13. Nc4 Ng7 14. Nb5 Nf6 15. Qd3 Nfh5 16. Bh6 a6 17. Nb6 Rb8 18. Nxc8 Rxc8 19. Bxh5 axb5 20. Bg4 c4 21. Qd2 f5 22. Bh3 Ra8 23. Qb4 Qe8 24. f4 exf4 25. exf5 gxf5 26. Rae1 Qd8 27. Qxb5 Rxa5 28. Qxc4 Bg5 29. Bxg5 Qxg5 30. Qxf4 Qxf4 31. Rxf4 Rxd5 32. g3 Rd2 33. Rf2 Rd4 34. c3 Rd5 35. Bg2 Rb5 36. c4 Rb6 37. Bd5+ Kh8 38. Re7 Re8 39. Rxb7 Rxb7 40. Bxb7 Re5 41. Bd5 Nh5 42. Kf1 Kg7 43. Re2 Kf6 44. Kf2 Rxe2+ 45. Kxe2 Ke5 46. Ke3 f4+ 47. gxf4+ Nxf4 48. Be4 h6 49. b4 Ne6 50. b5 Nc5 51. b6 Na6 52. Bd5 Nb8 53. b7 Na6 54. h3 Nb8 55. Kd3 Na6 56. Kc3 Kf6 57. Kb3 Ke7 58. Ka4 Nb8 59. Kb5 Kd8 60. Kb6 Nd7+ 61. Kc6 Nb8+ 62. Kxd6 Na6 63. c5 Nxc5 64. b8Q# 1-0

[Event "RUS-chT U20"]
[Site "Kolomna"]
[Date "2014.08.07"]
[Round "6"]
[White "Ishkinin, Robert"]
[Black "Pak, Alexander"]
[Result "0-1"]
[WhiteElo "1815"]
[BlackElo "2125"]
[PlyCount "50"]
[EventDate "2014.08.02"]
[EventType "swiss"]
[EventRounds "9"]
[EventCountry "RUS"]
[SourceTitle "EXT 2016"]
[Source "ChessBase"]
[SourceDate "2015.10.08"]
[SourceVersion "1"]
[SourceVersionDate "2015.10.08"]
[SourceQuality "1"]

1. e4 c5 2. Nf3 d6 3. d4 cxd4 4. Nxd4 Nf6 5. Nc3 a6 6. h3 g6 7. g4 Bg7 8. Bg2 0-0 9. 0-0 Bd7 10. Be3 Nc6 11. Kh1 Rc8 12. a4 Ne5 13. g5 Nh5 14. Nde2 Nc4 15. Qc1 Nxe3 16. Qxe3 b5 17. axb5 axb5 18. Ra7 b4 19. Nd5 Rxc2 20. Nd4 Rc4 21. Rd1 e6 22. Rxd7 Qxd7 23. Nb6 Rxd4 24. Qxd4 Qb5 25. Qxd6 Be5 0-1

[Event "Wch U14"]
[Site "Maribor"]
[Date "2012.11.17"]
[Round "10.9"]
[White "Donchenko, Alexander"]
[Black "Pak, Alexander"]
[Result "1-0"]
[WhiteElo "2411"]
[BlackElo "2129"]
[PlyCount "99"]
[EventDate "2012.11.08"]
[EventType "swiss"]
[EventRounds "11"]
[EventCountry "SLO"]
[SourceTitle "EXT 2013"]
[Source "ChessBase"]
[SourceDate "2012.11.22"]
[SourceVersion "1"]
[SourceVersionDate "2012.11.22"]
[SourceQuality "1"]

1. d4 d5 2. c4 c6 3. Nf3 Nf6 4. e3 Bf5 5. Nc3 e6 6. Nh4 Bg4 7. Qb3 Qc7 8. Bd2 Nbd7 9. h3 Bh5 10. Rc1 Qb6 11. g4 Bg6 12. Nxg6 hxg6 13. Bg2 Qa6 14. Bf1 dxc4 15. Bxc4 Qb6 16. Ke2 Be7 17. a3 Nd5 18. f4 Rd8 19. Qxb6 N7xb6 20. Bd3 Nxc3+ 21. bxc3 c5 22. Bb5+ Kf8 23. Bd3 f5 24. Rb1 Kf7 25. a4 c4 26. Bc2 Rd7 27. e4 Kf6 28. Kf3 Nc8 29. Kg2 Bd8 30. Rhe1 Ne7 31. Rb4 Nc6 32. Rxc4 Be7 33. a5 Nxa5 34. Ra4 Nc6 35. Bb3 fxg4 36. hxg4 Bd8 37. Bc1 Na5 38. Ba2 b5 39. Rb4 a6 40. f5 gxf5 41. g5+ Ke7 42. exf5 Nc4 43. Rxe6+ Kf8 44. Rxc4 bxc4 45. Ba3+ Re7 46. f6 gxf6 47. gxf6 Rg8+ 48. Kf3 Kf7 49. Rxe7+ Bxe7 50. Bxc4+ 1-0

[Event "Wch U14"]
[Site "Maribor"]
[Date "2012.11.16"]
[Round "9.23"]
[White "Pak, Alexander"]
[Black "Grinberg, Eyal"]
[Result "1-0"]
[WhiteElo "2126"]
[BlackElo "2047"]
[PlyCount "97"]
[EventDate "2012.11.08"]
[EventType "swiss"]
[EventRounds "11"]
[EventCountry "SLO"]
[SourceTitle "EXT 2013"]
[Source "ChessBase"]
[SourceDate "2012.11.22"]
[SourceVersion "1"]
[SourceVersionDate "2012.11.22"]
[SourceQuality "1"]

1. e4 c5 2. Nf3 d6 3. d4 cxd4 4. Nxd4 Nf6 5. Nc3 a6 6. Bg5 Nbd7 7. f4 g6 8. Qf3 Bg7 9. Bc4 0-0 10. 0-0-0 Nb6 11. Bxf6 Bxf6 12. Bb3 e5 13. Nde2 exf4 14. Nxf4 Be5 15. Kb1 a5 16. a3 Bd7 17. h4 Kh8 18. Ncd5 Nxd5 19. Bxd5 h5 20. Qe3 Bg7 21. Rhf1 Kh7 22. Nd3 Bg4 23. Rde1 Qxh4 24. Bxf7 Qe7 25. Bd5 Rab8 26. Qb6 a4 27. Nf4 Rbc8 28. c3 Rb8 29. g3 g5 30. Ng2 Bf3 31. Rxf3 Rxf3 32. e5 Rxg3 33. exd6 Qf6 34. Qc7 Rd8 35. d7 Rxg2 36. Bxg2 Bf8 37. Bxb7 h4 38. Bc8 g4 39. Qc4 g3 40. Qe2 Qg6+ 41. Ka1 h3 42. Bb7 Qg5 43. Qe6 h2 44. Be4+ Kh8 45. Qf7 Bg7 46. Qe8+ Bf8 47. Rf1 h1Q 48. Rxh1+ Kg8 49. Qe6+ 1-0

[Event "EU-ch U14"]
[Site "Prague"]
[Date "2012.08.24"]
[Round "8"]
[White "Winiarski, Mikolaj"]
[Black "Pak, Alexander"]
[Result "1-0"]
[WhiteElo "2031"]
[BlackElo "2104"]
[PlyCount "139"]
[EventDate "2012.08.17"]
[EventType "swiss"]
[EventRounds "9"]
[EventCountry "CZE"]
[SourceTitle "CBM 150 Extra"]
[Source "ChessBase"]
[SourceDate "2012.10.19"]
[SourceVersion "1"]
[SourceVersionDate "2012.10.19"]
[SourceQuality "1"]

1. d4 d5 2. c4 c6 3. Nc3 dxc4 4. e3 b5 5. a4 b4 6. Na2 e6 7. Bxc4 Nf6 8. Bd2 a5 9. Nf3 Be7 10. Nc1 Bb7 11. Nb3 Nbd7 12. 0-0 0-0 13. Re1 c5 14. Bb5 Qb6 15. Ne5 Nxe5 16. dxe5 Ne4 17. f3 Nxd2 18. Nxd2 Rfd8 19. Qe2 Qc7 20. Nc4 Bd5 21. f4 Be4 22. Rad1 f6 23. Nd2 Bg6 24. Qc4 fxe5 25. Qxe6+ Kh8 26. Nc4 exf4 27. Ne5 Bh5 28. exf4 Bf6 29. g4 Bxe5 30. fxe5 Bg6 31. Rd6 c4 32. Qxc4 Qa7+ 33. Kg2 Rf8 34. Qd4 Qf7 35. Rf1 Qb3 36. Rxf8+ Rxf8 37. Rd8 Qc2+ 38. Kg3 Qb3+ 39. Bd3 Be8 40. Qf4 Rg8 41. Qe4 Bg6 42. Qd5 Qxd3+ 43. Qxd3 Bxd3 44. Rxd3 Rc8 45. Kf4 Kg8 46. Rd5 Rc2 47. Rxa5 Rxh2 48. Kf5 Rxb2 49. Ke6 g6 50. Rb5 b3 51. a5 Rb1 52. Kf6 Rf1+ 53. Ke6 Rb1 54. Kf6 Rf1+ 55. Ke7 Ra1 56. Rxb3 Rxa5 57. Kf6 Ra8 58. e6 Kf8 59. g5 Rc8 60. Rb7 Kg8 61. Rg7+ Kh8 62. Ra7 Kg8 63. Rf7 Ra8 64. Rg7+ Kh8 65. e7 Ra6+ 66. Kf7 Ra8 67. Rxh7+ Kxh7 68. e8Q Ra7+ 69. Kf8 Rg7 70. Qe6 1-0

[Event "Moscow-ch sf"]
[Site "Moscow"]
[Date "2012.02.29"]
[Round "4"]
[White "Pak, Alexander"]
[Black "Yakimenko, Alexander A"]
[Result "0-1"]
[WhiteElo "2078"]
[BlackElo "2258"]
[PlyCount "94"]
[EventDate "2012.02.26"]
[EventType "swiss"]
[EventRounds "9"]
[EventCountry "RUS"]
[SourceTitle "CBM 147 Extra"]
[Source "ChessBase"]
[SourceDate "2012.04.24"]
[SourceVersion "1"]
[SourceVersionDate "2012.04.24"]
[SourceQuality "1"]

1. e4 e6 2. d4 d5 3. Nc3 Bb4 4. e5 b6 5. Qg4 Bf8 6. Bg5 Qd7 7. f4 h6 8. Bh4 h5 9. Qh3 Nh6 10. Nf3 Bb4 11. Be2 Ba6 12. Bxa6 Nxa6 13. 0-0 Bxc3 14. bxc3 Qa4 15. Ng5 Nf5 16. Be1 Rh6 17. Qd3 Rd8 18. Nf3 h4 19. g4 hxg3 20. hxg3 Kd7 21. Kg2 Rdh8 22. g4 Ne7 23. Bg3 g6 24. Ng5 Ke8 25. Rae1 Nb8 26. f5 gxf5 27. gxf5 Rg8 28. fxe6 Rxg5 29. exf7+ Kf8 30. Rh1 Rhg6 31. e6 Rxg3+ 32. Kf2 Rxd3 33. Rh8+ Ng8 34. fxg8Q+ Rxg8 35. e7+ Kf7 36. Rxg8 Kxg8 37. e8Q+ Qxe8 38. Rxe8+ Kf7 39. Rxb8 Rxc3 40. Rb7 a5 41. Ke2 Rxc2+ 42. Kd3 Rc4 43. Ke3 Ke6 44. Rb8 Ra4 45. Re8+ Kd7 46. Re5 Kd6 47. Rh5 Rxa2 0-1

[Event "Moscow-ch sf"]
[Site "Moscow"]
[Date "2012.02.27"]
[Round "2"]
[White "Yudkevich, Mikhail"]
[Black "Pak, Alexander"]
[Result "0-1"]
[WhiteElo "2200"]
[BlackElo "2078"]
[PlyCount "75"]
[EventDate "2012.02.26"]
[EventType "swiss"]
[EventRounds "9"]
[EventCountry "RUS"]
[SourceTitle "CBM 147 Extra"]
[Source "ChessBase"]
[SourceDate "2012.04.24"]
[SourceVersion "1"]
[SourceVersionDate "2012.04.24"]
[SourceQuality "1"]

1. d4 d5 2. c4 c6 3. Nf3 Nf6 4. Nc3 dxc4 5. a4 Bf5 6. Ne5 Nbd7 7. Nxc4 Nb6 8. Ne5 a5 9. e3 g6 10. Bd3 Bxd3 11. Nxd3 Bg7 12. 0-0 0-0 13. Qe2 Nbd5 14. Rd1 Nxc3 15. bxc3 Ne4 16. Qe1 Qc7 17. f3 Nd6 18. e4 Nc4 19. e5 c5 20. Qe4 cxd4 21. cxd4 Rfd8 22. Bf4 Qc6 23. Qxc6 bxc6 24. Nc5 Nb6 25. Kf2 Nd5 26. Bd2 Nc7 27. Bc3 Rd5 28. Rab1 Bxe5 29. Nb7 Bf6 30. Rb6 c5 31. Nxc5 Rxc5 32. dxc5 Bxc3 33. Ke2 Bb4 34. c6 Bd6 35. Rb7 Ne6 36. Ke3 Rc8 37. Rc1 Bf4+ 38. Ke2 0-1

[Event "EU-ch U12"]
[Site "Albena"]
[Date "2011.09.17"]
[Round "6"]
[White "Martirosyan, Haik M"]
[Black "Pak, Alexander"]
[Result "1-0"]
[WhiteElo "1892"]
[BlackElo "2050"]
[PlyCount "131"]
[EventDate "2011.09.11"]
[EventType "swiss"]
[EventRounds "9"]
[EventCountry "BUL"]
[SourceTitle "CBM 144 Extra"]
[Source "ChessBase"]
[SourceDate "2011.10.28"]
[SourceVersion "1"]
[SourceVersionDate "2011.10.28"]
[SourceQuality "1"]

1. d4 d5 2. Nf3 Nf6 3. c4 c6 4. Nbd2 Bf5 5. g3 e6 6. Bg2 Nbd7 7. 0-0 Bd6 8. Nh4 Bg4 9. Re1 Qc7 10. Qc2 0-0-0 11. Nb3 dxc4 12. Qxc4 Nb6 13. Qc2 Rdg8 14. Nf3 Bxf3 15. Bxf3 h5 16. e4 e5 17. a4 h4 18. a5 Nbd7 19. Be3 exd4 20. Nxd4 Ne5 21. Bg2 Neg4 22. Nf5 Nxe3 23. Rxe3 Ng4 24. Rd3 Bb4 25. Bh3 Ne5 26. Rb3 hxg3 27. Rxg3 Kb8 28. a6 b6 29. Rc1 Rd8 30. Qb3 Bd2 31. Rd1 Bf4 32. Rxd8+ Qxd8 33. Rxg7 Qd2 34. Bf1 Bxh2+ 35. Kg2 Qf4 36. Qe3 Ng6 37. Qxf4+ Nxf4+ 38. Kf3 Ne6 39. Rg4 Be5 40. b3 Kc7 41. Ke3 b5 42. Bg2 Kb6 43. f4 Bb2 44. Kd2 b4 45. e5 Bc3+ 46. Ke3 Nc5 47. Rg7 Rf8 48. Ne7 Nxb3 49. Bxc6 Nc5 50. Bd5 Ne6 51. Rg2 Rh8 52. Ba2 Kc5 53. Ke4 Rh1 54. Nd5 Re1+ 55. Kf5 Kd4 56. Nxc3 bxc3 57. Bxe6 fxe6+ 58. Kxe6 Ra1 59. Kd7 Ke4 60. e6 Rd1+ 61. Ke8 Kxf4 62. e7 Ke4 63. Rf2 Rd2 64. Rf1 Rh2 65. Kd8 Rd2+ 66. Kc7 1-0

[Event "Moscow-ch U18"]
[Site "Moscow"]
[Date "2010.12.02"]
[Round "6"]
[White "Pak, Alexander"]
[Black "Golubov, Saveliy"]
[Result "0-1"]
[WhiteElo "2020"]
[BlackElo "2094"]
[PlyCount "46"]
[EventDate "2010.11.21"]
[EventType "swiss"]
[EventRounds "9"]
[EventCountry "RUS"]
[SourceTitle "EXT 2012"]
[Source "ChessBase"]
[SourceDate "2011.11.24"]
[SourceVersion "1"]
[SourceVersionDate "2011.11.24"]
[SourceQuality "1"]

1. e4 c5 2. Nf3 e6 3. d4 cxd4 4. Nxd4 a6 5. Nc3 b5 6. Bd3 Bb7 7. 0-0 d6 8. Be3 Nd7 9. Nb3 Ngf6 10. a3 Be7 11. f4 h5 12. h3 Qc7 13. Qe1 Rc8 14. Qg3 h4 15. Qxg7 Rh7 16. Qg5 Rh5 17. e5 dxe5 18. fxe5 Rxg5 19. Bxg5 Qxe5 20. Bf4 Qh5 21. Na5 Ba8 22. Rae1 Qh8 23. Ne4 Nxe4 0-1

[Event "Kostroma Volga Cup op"]
[Site "Kostroma"]
[Date "2010.07.??"]
[Round "4"]
[White "Markevich, Ilya"]
[Black "Pak, Alexander"]
[Result "1-0"]
[WhiteElo "2180"]
[BlackElo "1944"]
[PlyCount "71"]
[EventDate "2010.07.??"]
[EventType "swiss"]
[EventRounds "9"]
[EventCountry "RUS"]
[SourceTitle "EXT 2011"]
[Source "ChessBase"]
[SourceDate "2010.11.26"]
[SourceVersion "1"]
[SourceVersionDate "2010.11.26"]
[SourceQuality "1"]

1. e4 c5 2. Nf3 d6 3. Bb5+ Bd7 4. Bxd7+ Qxd7 5. 0-0 Nc6 6. c3 Nf6 7. d4 Nxe4 8. d5 Ne5 9. Re1 Nf6 10. Nxe5 dxe5 11. Rxe5 0-0-0 12. c4 e6 13. Bg5 h6 14. Bxf6 gxf6 15. Rh5 f5 16. Nc3 Bg7 17. Qf3 Bxc3 18. bxc3 Qa4 19. Rh4 Kb8 20. g3 Qc2 21. a4 Qb2 22. Re1 Qd2 23. Rd1 Qc2 24. a5 Qa4 25. Rb1 Rd7 26. Qe3 Rc8 27. dxe6 Re7 28. Qe5+ Ka8 29. Rxh6 Qxc4 30. Rh8 Rce8 31. a6 b6 32. Rxe8+ Rxe8 33. Qc7 Qe4 34. Rd1 Rb8 35. exf7 b5 36. Qxb8+ 1-0